あおぎり高校のメンバー - Statistics

General Stats
  • This quiz has been taken 130 times
    100 since last reset
  • The average score is 11 of 15
Answer Stats
メンバー デビュー日/加入日 備考 % Correct
音霊魂子 2018年10月27日
93%
大代真白 2020年5月29日 卒業生
89%
栗駒こまる 2021年8月14日
85%
エトラ 2023年4月1日 転入メンバー
83%
石狩あかり 2019年4月15日
81%
我部りえる 2022年4月15日 元個人勢
80%
ぷわぷわぽぷら 2024年1月19日
74%
うる虎がーる 2024年8月31日
74%
千代浦蝶美 2021年8月12日
68%
春雨麗女 2023年7月11日
68%
萌実 2024年4月1日 転入メンバー
68%
山黒音玄 2021年4月12日
59%
水菜月夏希 2018年11月2日 卒業生
58%
八十科むじな 2024年8月31日
47%
月赴ゐぶき 2024年8月31日
46%
No matching quizzes found
Score Distribution
Percent of People with Each Score
Percentile by Number Answered
Your Score History
You have not taken this quiz since the last reset